00894nam a22002297a 4500003001100000005001700011008004100028020001800069040003900087041000800126082001600134245008600150260007300236300002600309650003200335650003200367650005300399856009900452942000700551952009100558999001500649LK-CoMWRAF20240212105846.0231213b2007 |||||||| |||| 00| 0 eng d a9789747348927 aLK-CoMWRAFdLK-CoMWRAFeLK-CoMWRAF aeng a305.42bCLA aClaiming rights, claiming justice : ba guidebook on women human rights defenders aChaingmai:bAsia Pacific Forum on Women, Law and Development, c2007 a163 p. : ill. ; 28 cm aWomen- civil rights workers aWomen- human rights workers aWomen- human rights workers Legal status, laws,  uhttps://defendingwomen-defendingrights.org/wp-content/uploads/2014/03/book3NeoWithCovereng.pdf cBK 00104070aMAINbMAINd2023-12-13l0o305.42 CLApRAF4553r2023-12-13w2023-12-13yBK c4377d4377